Statistics for Genocides Throughout History Quiz

Click here to take the quiz!

General Stats

  • This quiz has been taken 122 times
  • The average score is 7 of 53

Answer Stats

Description of the GenocideGenocide% Correct
Germany against Jews (1941-1945)The Holocaust
98%
Ottoman Empire against Armenians (1915-1923)Armenian Genocide
58%
Soviet Union against Ukrainians (1932-1933)The Holodomor
54%
A genocide done bu the Hutus agaisnt the Tutsi (1994)Rwandan Genocide
52%
A third of the population killed (1975-1979)Cambodian Genocide
38%
Soviet Union against Poles (1937-1938)Polish Operation of the NKVD/Polish Genocide
37%
Ottoman Empire against Greeks (1914-1922)Greek Genocide
33%
Iraq against the Kurds (1977-1991)Kurdish Genocide
29%
Soviet Union against Kazakhstan (1932-1933)Kazakh Genocide
25%
Bosnian Serbs against non-Serbs (1992-1995)Bosnian Genocide
23%
Sudan against the people of Darfur (2003-Present)Darfur Genocide
20%
Myanmar against the Rohingya Muslims (2017-Present)Rohingya Genocide
20%
Ottoman Empire against the Assyrians (1914-1923)Assyrian Genocide
19%
Guatemala agaisnt the Mayans (1962-1996)Guatemalan Genocide/Mayan Genocide
18%
Germany against the Romani (1935-1945)Romani Genocide
16%
Russia against the Cirassians (1864-1867)Cirassian Genocide
15%
A genocide that was targeted at what the government deemed Communists (1965-1966)Indonesian Genocide
15%
Britain against the Irish (1649-1653)Irish Genocide
13%
Italy against the Libyans (1923-1932)Libyan Genocide
13%
The Qing against the Zungharians (1755-1758)Zunghar Genocide
9%
Indonesia against the people of Timor Leste (1975-1999)East Timor Genocide
8%
Germany against Eastern Europeans (1941-1945)Generalplan Ost
8%
America against the Native Americans of California (1846-1873)California Genocide
7%
Somalia against the Isaaqs (1988-1991)Isaaq Genocide/Hargeisa Holocaust
7%
France against the Cathars (1209-1229)Albigensian Crusade/Cathar Genocide
5%
France against Algerians (1830-1871)Pacification of Algeria
4%
Chile against the Selk'nam (Late 1800-Early 1900s)Selk'nam Genocide
4%
The Soviet Union against Cossacks (1917-1933)Decossackization
2%
Australia against the Aboriginals in Queensland (1840-1897)Queensland Aboriginal Genocide
2%
Roman Empire agaisnt Carthaginians (146 BC)Battle of Carthage/Punic Genocide
1%
Australia against aboriginals in Tasmania (1820s-1832)Black War
1%
Bangladesh against the Jumma people (1977-1997)Chittagong Hill Tracts Genocide
1%
Argentina against the Mapuche (1870s-1884)Conquest of the Desert and Mapuche Decline
1%
Pakistan against Bengalis (1971)Genocide in Bangladesh
1%
The Soviet Union against Latvians (1937-1938)Latvian Operation of the NKVD
1%
Mongolia against the Xia (1205-1227)Mongolian Conquest of Western Xia
1%
Germany against Poles (1939-1945)Nazi Genocide against Poles
1%
A genocide against Hutus in Burundi (1972)1972 Genocide of Burundian Hutus
0%
Burundi against the Tutsis (1993)1993 Genocide of Burundian Tutsis
0%
Soviet Union against Chechens and other Vainakh populations (1944-1948)Aardakh
0%
DRC/Congo-Kinshasa against the Pygmy people (2002-2003)Bambuti Genocide
0%
The Soviets against the Crimean Tartars (1944-1948)Deportations of the Crimean Tartars
0%
Chetniks against Croats and Bosniaks (1941-1945)Genocidal crimes against Bosniaks and Croats by the Chetniks
0%
Croatia against Serbs (1941-1945)Genocide by the Ustaše
0%
The German Empire against the San, Nama, and Ovaherero (1904-1908)Genocide in German South West Africa
0%
Brazil against various Native American tribes (1900-1985)Genocide of Indigenous Peoples in Brazil
0%
Cossaks against Jews (1648-1657)Genocide of Jews in the Polish-Lithuanian Commonwealth by Cossack Insurgents
0%
Roman Empire against the Germans (55 BC)Genocide of the Tencteri and Usipetes
0%
ISIL against the Yazidis (2014-Present)Genocide of Yazidis by ISIL
0%
The White Army against Jews (1918-1923)Jewish Genocide during the Russian White Terror
0%
Nazis and Ukrainians agaisnt Poles in Ukraine (1943-1945)Massacres of Poles in Volhynia and Eastern Galicia
0%
India against the Sikhs (1984-1990)Persecution of Sikhs by India
0%
A genocide from an early war in China's history (350-351)Wu Hu Genocide
0%

Score Distribution

Percentile by Number Answered

Percent of People with Each Score

Your Score History

You have not taken this quiz